[Event "34th World Open"]
[Site "Philadelphia USA"]
[Date "2006.07.03"]
[EventDate "2006.06.28"]
[Round "7"]
[Result "0-1"]
[White "Andrew Samuelson"]
[Black "Alisa Melekhina"]
[WhiteElo "2194"]
[BlackElo "2092"]
[PlyCount "146"]

1. e4 e5 2. Bc4 Nf6 3. d3 c6 4. Nf3 d5 5. Bb3 Bd6 6. Nc3 d4
7. Ne2 h6 8. O-O c5 9. Ng3 g6 10. h3 Nc6 11. a3 Bd7 12. Nh2 g5
13. Qf3 Qe7 14. Ng4 Nxg4 15. hxg4 O-O-O 16. Nf5 Bxf5 17. Qxf5+
Rd7 18. Bd5 Kc7 19. Bd2 f6 20. Rfb1 h5 21. Kf1 hxg4 22. Ke2
Rh2 23. g3 Qf8 24. Qxg4 Qh6 25. Be1 Qh5 26. Qxh5 Rxh5 27. b4
b6 28. bxc5 Bxc5 29. a4 a5 30. Bxc6 Kxc6 31. Kf3 Rh2 32. Rb5
Rc7 33. Rab1 Rh1 34. R5b3 Rch7 35. Bd2 Rxb1 36. Rxb1 Rh2
37. Rf1 b5 38. axb5+ Kxb5 39. Rb1+ Ka6 40. Rb8 g4+ 41. Ke2 Rh7
42. Rc8 Bb6 43. Rf8 Rc7 44. Kd1 Rc6 45. Kc1 Kb5 46. Kb1 Bc5
47. Rg8 Rb6 48. Ka2 Bb4 49. Bxb4 Kxb4 50. Rc8 Kb5 51. Ka3 Rc6
52. Rh8 Ka6 53. Rf8 Rxc2 54. Rxf6+ Kb5 55. Rf5 Rc3+ 56. Kb2
Rxd3 57. Rxe5+ Kb4 58. Rd5 Rd2+ 59. Kc1 Rxf2 60. Kd1 Kc3
61. Rxa5 d3 62. Ra3+ Kd4 63. e5 Ke3 64. Kc1 Rf1+ 65. Kb2 Rf5
66. e6 Re5 67. Ra1 d2 68. Rh1 Rxe6 69. Kc2 Rc6+ 70. Kb2 Kd3
71. Rg1 Rb6+ 72. Ka3 Kc2 73. Rg2 Kc1 0-1

[Event "World Open"]
[Site "King of Prussia USA"]
[Date "2007.06.30"]
[EventDate "2007.06.28"]
[Round "1"]
[Result "1/2-1/2"]
[White "Robert Lee Hess"]
[Black "Alisa Melekhina"]
[WhiteElo "2472"]
[BlackElo "2163"]
[PlyCount "92"]

1. e4 e5 2. Nf3 Nc6 3. Bb5 a6 4. Ba4 Nf6 5. d4 exd4 6. e5 Ne4
7. O-O Be7 8. Re1 Nc5 9. Bxc6 dxc6 10. Nxd4 O-O 11. Nc3 Re8
12. Be3 Bf8 13. f4 Ne6 14. Nb3 Qxd1 15. Raxd1 Bb4 16. Rd3 c5
17. Nd2 b5 18. Nd5 c4 19. Nxb4 cxd3 20. Nxd3 Bb7 21. f5 Nf8
22. Bf4 Rad8 23. g4 Rd4 24. Nb3 Re4 25. Rxe4 Bxe4 26. Ndc5
Bxc2 27. Nd4 Bb1 28. Nxa6 Bxa2 29. Nxc7 Re7 30. Ncxb5 Rb7
31. b4 h6 32. Bd2 Nd7 33. Nd6 Rb6 34. Nc8 Rb8 35. Ne7 Kf8
36. Nec6 Rb6 37. b5 Bc4 38. e6 fxe6 39. fxe6 Nb8 40. Bb4 Ke8
41. Bc5 Nxc6 42. bxc6 Rb1 43. Kf2 g6 44. h4 Rf1 45. Kg3 Re1
46. c7 Ba6 1/2-1/2

[Event "World Open"]
[Site "King of Prussia USA"]
[Date "2007.06.30"]
[EventDate "2007.06.28"]
[Round "2"]
[Result "0-1"]
[White "Alisa Melekhina"]
[Black "John Bartholomew"]
[WhiteElo "2163"]
[BlackElo "2473"]
[PlyCount "96"]

1. e4 d5 2. exd5 Qxd5 3. Nc3 Qa5 4. Bc4 c6 5. h3 Nf6 6. Nf3
Bf5 7. O-O e6 8. d3 Be7 9. Qe2 Qd8 10. Re1 O-O 11. Bf4 Nd5
12. Bxd5 cxd5 13. Nd4 Bg6 14. Nxe6 fxe6 15. Qxe6+ Rf7 16. Nxd5
Nc6 17. Bg3 Bf8 18. Ne3 Qd7 19. Qxd7 Rxd7 20. Nc4 Rc8 21. Rac1
Bc5 22. a3 b5 23. Ne5 Nxe5 24. Bxe5 a5 25. Rcd1 Bb6 26. Rd2 b4
27. axb4 axb4 28. Red1 Rd5 29. Bf4 Bd4 30. Rb1 Rdc5 31. Be3
Bxe3 32. fxe3 Rxc2 33. Rbd1 Rxd2 34. Rxd2 Rd8 35. d4 Be4
36. Kf2 b3 37. Kg3 Rc8 38. d5 Kf7 39. d6 Ke6 40. Kf4 Bc2
41. e4 Rf8 42. Ke3 Rd8 43. Rd5 Rxd6 44. Rg5 Rd3 45. Kf4 Rd4
46. Rxg7 Rxe4 47. Kf3 Ra4 48. g4 Ra2 0-1

[Event "World Open"]
[Site "King of Prussia USA"]
[Date "2007.07.01"]
[EventDate "2007.06.28"]
[Round "3"]
[Result "1/2-1/2"]
[White "Shinsaku Uesugi"]
[Black "Alisa Melekhina"]
[WhiteElo "2222"]
[BlackElo "2163"]
[PlyCount "84"]

1. e4 e5 2. Nf3 Nc6 3. Bc4 Nf6 4. d3 Bc5 5. c3 a6 6. a4 Ba7
7. O-O d6 8. h3 h6 9. Nbd2 O-O 10. Re1 Be6 11. b4 Qd7 12. Bxe6
fxe6 13. Nf1 Ne7 14. Ng3 Ng6 15. d4 exd4 16. cxd4 Rad8 17. Qc2
Qf7 18. Be3 Bb6 19. a5 Ba7 20. Rac1 c6 21. Kh2 Nd7 22. d5 Bxe3
23. dxe6 Qxe6 24. Rxe3 Nde5 25. Nd4 Qf7 26. Ndf5 Ne7 27. Nxe7
Qxe7 28. Nf5 Qf6 29. Rg3 Rf7 30. Qc3 Kh7 31. Qe3 d5 32. Rd1
Re8 33. f3 Ng6 34. Qd4 Qxd4 35. Rxd4 Rf6 36. h4 dxe4 37. fxe4
Rf7 38. Rgd3 Ne5 39. Rd2 Re6 40. Kg3 g6 41. Nd6 Rc7 42. h5 Rg7
1/2-1/2

[Event "World Open"]
[Site "King of Prussia USA"]
[Date "2007.07.01"]
[EventDate "2007.06.28"]
[Round "4"]
[Result "1-0"]
[White "Alisa Melekhina"]
[Black "Thomas J Bartell"]
[WhiteElo "2163"]
[BlackElo "2403"]
[PlyCount "93"]

1. e4 c5 2. Nc3 Nc6 3. g3 g6 4. Bg2 Bg7 5. Nge2 d6 6. d3 e6
7. O-O Nge7 8. Bg5 h6 9. Be3 Nd4 10. Qd2 Bd7 11. Rab1 a5
12. a3 a4 13. f4 Bc6 14. Bf2 Nxe2 15. Nxe2 f5 16. Rfe1 O-O
17. Nc3 Qd7 18. d4 fxe4 19. Nxe4 c4 20. Qe2 Nf5 21. c3 Rae8
22. Bh3 Bd5 23. Bg2 Qc6 24. g4 Ne7 25. Bg3 b5 26. Rf1 Nf5
27. Rbe1 Nxg3 28. Nxg3 Bf6 29. Bxd5 Qxd5 30. Qe4 Qxe4 31. Rxe4
d5 32. Re3 Bd8 33. Ref3 g5 34. f5 e5 35. f6 Kh7 36. dxe5 Rxe5
37. Kg2 d4 38. cxd4 Rd5 39. Ne2 Re8 40. R1f2 Kg6 41. f7 Rf8
42. Rf5 Rxf5 43. Rxf5 Rxf7 44. Rxb5 Re7 45. Nc3 Re3 46. Rd5
Bf6 47. Rd6 1-0

[Event "World Open"]
[Site "King of Prussia USA"]
[Date "2007.07.02"]
[EventDate "2007.06.28"]
[Round "5"]
[Result "1-0"]
[White "Daniel Rensch"]
[Black "Alisa Melekhina"]
[WhiteElo "2444"]
[BlackElo "2163"]
[PlyCount "77"]

1. e4 e5 2. Nf3 Nc6 3. d4 exd4 4. Nxd4 Bc5 5. Be3 Qf6 6. c3
Nge7 7. g3 d5 8. Bg2 dxe4 9. O-O Nxd4 10. cxd4 Bb6 11. Nc3 O-O
12. Nxe4 Qg6 13. Nc5 c6 14. b4 Rd8 15. Qb3 Be6 16. Qb2 Bxc5
17. bxc5 Rd7 18. Rfe1 Bd5 19. f3 Nf5 20. Bf2 Rad8 21. a4 Be6
22. Re4 Qf6 23. Rd1 h5 24. a5 Bd5 25. Re5 Be6 26. f4 a6
27. Bf3 g6 28. Qc3 Nh6 29. d5 cxd5 30. Bd4 Qe7 31. Rde1 Kh7
32. Bxh5 gxh5 33. Qc2 Bf5 34. Qe2 Qf6 35. Qb2 Qc6 36. Re8 Rxe8
37. Rxe8 Ng8 38. Qe2 Qg6 39. Rxg8 1-0

[Event "World Open"]
[Site "King of Prussia USA"]
[Date "2007.07.03"]
[EventDate "2007.06.28"]
[Round "6"]
[Result "0-1"]
[White "Alisa Melekhina"]
[Black "Kazim Gulami"]
[WhiteElo "2163"]
[BlackElo "2411"]
[PlyCount "80"]

1. e4 c5 2. Nc3 a6 3. f4 b5 4. d3 Nc6 5. Nf3 d6 6. g3 Nf6
7. Bg2 e5 8. O-O Be7 9. Nd5 O-O 10. c3 h6 11. fxe5 dxe5
12. Nh4 Nh7 13. Nf5 Bg5 14. h4 Bxc1 15. Rxc1 Ra7 16. Qf3 Bxf5
17. Qxf5 Qd6 18. Rcd1 Ne7 19. Qf3 Nxd5 20. exd5 f5 21. Bh3
Raf7 22. Bg2 g5 23. hxg5 hxg5 24. g4 f4 25. b3 Nf6 26. c4 Qd7
27. Rde1 Re8 28. Qe2 Rh7 29. Bf3 Rh4 30. Rf2 Nxg4 31. Rg2 Ne3
32. Rxg5 Kh8 33. Bg2 Qh7 34. Be4 Qh6 35. Rg3 fxg3 36. Qxe3 Rh1
37. Bxh1 Qh2 38. Kf1 g2 39. Ke2 g1=Q 40. Kd1 Qxe3 0-1

[Event "Foxwoods Open"]
[Site "Connecticut"]
[Date "2008.03.19"]
[EventDate "2008.??.??"]
[Round "1"]
[Result "1/2-1/2"]
[White "Ildar Ibragimov"]
[Black "Alisa Melekhina"]
[WhiteElo "2656"]
[BlackElo "2247"]
[PlyCount "59"]

1. d4 Nf6 2. c4 g6 3. Nc3 Bg7 4. e4 d6 5. Bg5 O-O 6. Qd2 Na6
7. Bd3 e5 8. d5 Qe8 9. Nge2 Nd7 10. a3 Nac5 11. Bc2 f6 12. Be3
a5 13. b3 f5 14. Nb5 Qd8 15. exf5 gxf5 16. Bg5 Nf6 17. f3 Bd7
18. O-O a4 19. b4 Bxb5 20. cxb5 Nb3 21. Bxb3 axb3 22. a4 Qe8
23. Nc3 e4 24. Rae1 Qg6 25. a5 Rfe8 26. fxe4 Nxe4 27. Nxe4
Rxe4 28. Rxe4 fxe4 29. Be3 Qh5 30. Qd1 1/2-1/2

[Event "World Open"]
[Site "Philadelphia, PA USA"]
[Date "2008.07.02"]
[EventDate "2008.07.02"]
[Round "1"]
[Result "1/2-1/2"]
[White "Alisa Melekhina"]
[Black "Renier Gonzalez"]
[WhiteElo "2265"]
[BlackElo "2507"]
[PlyCount "72"]

1. e4 d5 2. exd5 Qxd5 3. Nc3 Qa5 4. d4 Nf6 5. Bc4 c6 6. Bd2
Qb6 7. Bc1 Bg4 8. f3 Bf5 9. Nge2 e6 10. Bb3 Bd6 11. Bf4 Bxf4
12. Nxf4 h6 13. Qd2 Nbd7 14. Nfe2 O-O-O 15. O-O-O Qc7 16. Qf4
Qa5 17. Ng3 Bg6 18. Nge4 Qc7 19. Qxc7+ Kxc7 20. Rhe1 Nd5
21. Nxd5+ cxd5 22. Nf2 Kd6 23. c3 b5 24. Bc2 Bxc2 25. Kxc2 a5
26. Nd3 Rb8 27. a3 Rhc8 28. Kd2 Nb6 29. Ke2 Nc4 30. Kf2 a4
31. Re2 Re8 32. f4 f6 33. Rde1 Re7 34. g3 Rbe8 35. Kf3 Rf8
36. Kg2 Rfe8 1/2-1/2

[Event "World Open"]
[Site "Philadelphia, PA USA"]
[Date "2008.07.03"]
[EventDate "2008.07.02"]
[Round "3"]
[Result "1/2-1/2"]
[White "Alisa Melekhina"]
[Black "Nisha Mohota"]
[WhiteElo "2265"]
[BlackElo "2354"]
[PlyCount "104"]

1. e4 Nf6 2. Nc3 d5 3. exd5 Nxd5 4. Bc4 Nb6 5. Bb3 Nc6 6. Nf3
Bf5 7. d4 e6 8. h3 Qd7 9. a4 Bb4 10. O-O O-O-O 11. Ne2 Be4
12. Ng5 Bd5 13. c3 h6 14. Bxd5 Nxd5 15. Nf3 Be7 16. b4 Bf6
17. b5 Na5 18. Qc2 Nb6 19. Bf4 Nbc4 20. Rfd1 Qd5 21. Ng3 Be7
22. Qe4 Qxe4 23. Nxe4 Rd5 24. Ned2 Rhd8 25. Nxc4 Nxc4 26. Ne5
Nxe5 27. Bxe5 f6 28. Bg3 Bd6 29. Bxd6 R8xd6 30. Re1 c5
31. bxc6 Rxc6 32. Re3 Ra5 33. h4 Kd7 34. Rb1 b6 35. Rb4 Rd5
36. Rg3 g5 37. hxg5 hxg5 38. Rh3 Rc7 39. Rb1 Ra5 40. Rb4 Rd5
41. Kf1 e5 42. Ke2 exd4 43. cxd4 Kd6 44. Rf3 Ke6 45. Re3+ Kf7
46. Kd2 Rf5 47. f3 Ra5 48. Rc3 Rxc3 49. Kxc3 Ke6 50. Kc4 Kd6
51. g4 f5 52. Kd3 fxg4 1/2-1/2

[Event "World Open"]
[Site "Philadelphia, PA USA"]
[Date "2008.07.04"]
[EventDate "2008.07.02"]
[Round "4"]
[Result "1/2-1/2"]
[White "Salvijus Bercys"]
[Black "Alisa Melekhina"]
[WhiteElo "2429"]
[BlackElo "2265"]
[PlyCount "37"]

1. d4 Nf6 2. c4 g6 3. f3 Bg7 4. e4 d6 5. Be3 O-O 6. Ne2 c5
7. d5 Qa5+ 8. Qd2 Qxd2+ 9. Nxd2 a6 10. Nc3 Bd7 11. a4 b6
12. Be2 Ra7 13. Kf2 Rb7 14. Ra3 Ne8 15. Rb1 a5 16. Bd3 Na6
17. Ke2 Nb4 18. Na2 Nc7 19. Nc3 1/2-1/2

[Event "Canadian Open"]
[Site "Edmonton CAN"]
[Date "2009.07.17"]
[EventDate "2009.07.11"]
[Round "7"]
[Result "1/2-1/2"]
[White "Alisa Melekhina"]
[Black "Leonid Gerzhoy"]
[WhiteElo "2270"]
[BlackElo "2409"]
[PlyCount "124"]

1. e4 d6 2. Nc3 Nf6 3. g3 g6 4. Bg2 Bg7 5. d3 O-O 6. Nge2 c5
7. O-O Nc6 8. h3 Rb8 9. f4 Nd7 10. f5 b5 11. Nf4 b4 12. Nce2
a5 13. g4 a4 14. Rb1 Nd4 15. Ng3 a3 16. b3 Ne5 17. Nfe2 Nxe2+
18. Qxe2 e6 19. Be3 exf5 20. gxf5 Bd7 21. Qd2 Re8 22. Bg5 Bf6
23. Bxf6 Qxf6 24. Qh6 Qg7 25. Qf4 Kh8 26. f6 Qf8 27. Nh1 Nc6
28. h4 Nd4 29. Rf2 Re5 30. Ng3 g5 31. hxg5 Qg8 32. Nf5 Bxf5
33. exf5 Ne2+ 34. Rxe2 Rxe2 35. Be4 d5 36. g6 fxg6 37. f7 Qxf7
38. Qxb8+ Kg7 39. Qe5+ Qf6 40. Qc7+ Kh6 41. Bg2 Qd4+ 42. Kh1
Qh4+ 43. Qh2 Qxh2+ 44. Kxh2 gxf5 45. Rc1 f4 46. Kg1 d4 47. Kf1
Rd2 48. Bf3 Kg5 49. Be2 f3 50. Bxf3 Kf4 51. Be2 h5 52. Bxh5
Rh2 53. Re1 Rxh5 54. Kg2 Rh7 55. Re4+ Kf5 56. Re8 Kf6 57. Re1
Rh5 58. Rf1+ Ke6 59. Re1+ Kd6 60. Re4 Rf5 61. Re1 Rf7 62. Kg3
Rf8 1/2-1/2

[Event "Yinzhou Cup Women World Teams"]
[Site "Ningbo CHN"]
[Date "2009.09.04"]
[EventDate "2009.09.02"]
[Round "3"]
[Result "1/2-1/2"]
[White "Thi Nhu Y Hoang"]
[Black "Alisa Melekhina"]
[WhiteElo "2114"]
[BlackElo "2220"]
[PlyCount "44"]

1. c4 g6 2. g3 Bg7 3. Bg2 e5 4. Nc3 d6 5. d3 Ne7 6. e3 O-O
7. Nge2 Nbc6 8. Rb1 Be6 9. Nd5 Qd7 10. Nxe7+ Qxe7 11. b4 Qd7
12. Nc3 Bh3 13. O-O Bxg2 14. Kxg2 Ne7 15. Nd5 Nf5 16. b5 c6
17. bxc6 bxc6 18. Qa4 Nh4+ 19. Kg1 Nf3+ 20. Kg2 Nh4+ 21. Kg1
Nf3+ 22. Kg2 Nh4+ 1/2-1/2

[Event "Yinzhou Cup Women World Teams"]
[Site "Ningbo CHN"]
[Date "2009.09.06"]
[EventDate "2009.09.02"]
[Round "5"]
[Result "0-1"]
[White "Ding Yixin"]
[Black "Alisa Melekhina"]
[WhiteElo "2321"]
[BlackElo "2220"]
[PlyCount "80"]

1. e4 e5 2. Nf3 Nc6 3. Bb5 a6 4. Ba4 Nf6 5. O-O Nxe4 6. d4 b5
7. Bb3 d5 8. dxe5 Be6 9. c3 Be7 10. Re1 Nc5 11. Bc2 Qd7
12. Nd4 Nxd4 13. cxd4 Nb7 14. Nd2 c5 15. Nf3 c4 16. Ng5 Bxg5
17. Bxg5 Bf5 18. Bd2 Bxc2 19. Qxc2 Nd8 20. Rad1 O-O 21. Bb4
Re8 22. Re3 Nc6 23. Bc5 Qe6 24. Rde1 a5 25. Rh3 h6 26. f4 f5
27. Rh5 Nb4 28. Qxf5 Qxf5 29. Rxf5 Nd3 30. Re2 Nxc5 31. dxc5
d4 32. e6 d3 33. Re1 Rad8 34. Rfe5 b4 35. c6 c3 36. bxc3 bxc3
37. c7 Rc8 38. Rc5 c2 39. Rd5 Rxc7 40. Rc1 Rb7 0-1

[Event "Yinzhou Cup Women World Teams"]
[Site "Ningbo CHN"]
[Date "2009.09.09"]
[EventDate "2009.09.02"]
[Round "7"]
[Result "1/2-1/2"]
[White "Alisa Melekhina"]
[Black "Mariya Muzychuk"]
[WhiteElo "2220"]
[BlackElo "2441"]
[PlyCount "72"]

1. e4 c5 2. Nc3 e6 3. g3 d5 4. exd5 exd5 5. Bg2 Nf6 6. d3 d4
7. Ne4 Nxe4 8. Bxe4 Nd7 9. Bg2 Nf6 10. Ne2 Bd6 11. O-O O-O
12. h3 Rb8 13. a4 Bd7 14. Bf4 Bxf4 15. Nxf4 Qc7 16. b3 Bc6
17. Re1 Rfe8 18. Qd2 Nd7 19. Bxc6 Qxc6 20. Ng2 Ne5 21. Nh4 Qf6
22. Kh1 g5 23. f4 gxh4 24. fxe5 Qf3+ 25. Qg2 Qxg3 26. Qxg3+
hxg3 27. Kg2 Re6 28. Re4 Rbe8 29. Rae1 Rg6 30. Rg4 f6 31. Rge4
Re6 32. exf6 Rexf6 33. Re8+ Kg7 34. R8e7+ Rf7 35. Rxf7+ Kxf7
36. Rf1+ Ke6 1/2-1/2

[Event "Yinzhou Cup Women World Teams"]
[Site "Ningbo CHN"]
[Date "2009.09.10"]
[EventDate "2009.09.02"]
[Round "8"]
[Result "1/2-1/2"]
[White "Alisa Melekhina"]
[Black "Sopiko Khukhashvili"]
[WhiteElo "2220"]
[BlackElo "2451"]
[PlyCount "81"]

1. e4 c5 2. Nc3 a6 3. f4 e6 4. Nf3 b5 5. d3 Bb7 6. g3 Be7
7. Bg2 b4 8. Ne2 Nf6 9. O-O O-O 10. c4 bxc3 11. bxc3 c4 12. e5
cxd3 13. Qxd3 Nd5 14. Rb1 Qc7 15. a3 Nc6 16. c4 Nb6 17. Be3
Na4 18. Qc2 Nc5 19. Ng5 g6 20. Nc3 Na5 21. Nd5 exd5 22. cxd5
d6 23. Ne4 dxe5 24. Bxc5 Bxd5 25. Nf6+ Bxf6 26. Bxd5 Rac8
27. Rfc1 Qd7 28. Qe4 Rfe8 29. Bb4 Rxc1+ 30. Rxc1 exf4 31. Qxf4
Bd8 32. Qf3 Bb6+ 33. Kg2 Rd8 34. Rd1 Nc6 35. Qf6 Nxb4 36. axb4
Rb8 37. Qf3 Rf8 38. Ra1 Rd8 39. Rxa6 Bd4 40. Ra8 Rxa8 41. Bxa8
1/2-1/2

[Event "Yinzhou Cup Women World Teams"]
[Site "Ningbo CHN"]
[Date "2009.09.11"]
[EventDate "2009.09.02"]
[Round "9"]
[Result "1/2-1/2"]
[White "Alisa Melekhina"]
[Black "Kruttika Nadig"]
[WhiteElo "2220"]
[BlackElo "2273"]
[PlyCount "62"]

1. e4 c5 2. Nc3 Nc6 3. g3 g6 4. Bg2 Bg7 5. d3 d6 6. Nge2 e6
7. O-O Nge7 8. Bg5 h6 9. Be3 Nd4 10. Qd2 Rb8 11. Nc1 b5
12. Nd1 b4 13. c3 Ndc6 14. Ne2 Ba6 15. f4 f5 16. Re1 Qa5
17. Nf2 O-O 18. g4 Rfd8 19. exf5 exf5 20. gxf5 gxf5 21. d4
bxc3 22. bxc3 d5 23. Rac1 Qa3 24. dxc5 Rb2 25. Rc2 Rxc2
26. Qxc2 Bxe2 27. Qxe2 Qxc3 28. Nd3 Kh8 29. Kh1 Ng6 30. Bc1
Nd4 31. Qd1 Qc2 1/2-1/2

[Event "US Women's Chess Championship"]
[Site "St Louis United States"]
[Date "2009.10.06"]
[EventDate "2009.10.04"]
[Round "3"]
[Result "0-1"]
[White "Tatev Abrahamyan"]
[Black "Alisa Melekhina"]
[WhiteElo "2342"]
[BlackElo "2253"]
[PlyCount "84"]

1. e4 e5 2. Nf3 Nc6 3. Bc4 Nf6 4. d3 h6 5. O-O d6 6. c3 g6
7. Nbd2 Bg7 8. Bb3 O-O 9. Re1 Kh8 10. Nf1 Ng8 11. h3 f5
12. exf5 gxf5 13. d4 e4 14. N3h2 d5 15. Bf4 Nce7 16. Ng3 Ng6
17. Ne2 Nf6 18. Qd2 Kh7 19. Nf1 Nh5 20. Nfg3 Ngxf4 21. Nxf4
Nxg3 22. fxg3 c6 23. Rad1 b5 24. a4 a6 25. Ra1 Bd7 26. Bd1 Rg8
27. Qe3 Bf8 28. b3 Bd6 29. Rf1 Qg5 30. Kh2 Raf8 31. axb5 axb5
32. c4 Rg7 33. cxd5 cxd5 34. h4 Qd8 35. Be2 Rfg8 36. Ra6 Rxg3
37. Qxg3 Rxg3 38. Kxg3 Qc7 39. Ra2 b4 40. h5 Kg8 41. Bd1 Bb5
42. Rff2 Qc3 0-1

[Event "US Women's Chess Championship"]
[Site "St Louis United States"]
[Date "2009.10.08"]
[EventDate "2009.10.04"]
[Round "5"]
[Result "1/2-1/2"]
[White "Alisa Melekhina"]
[Black "Rusudan Goletiani"]
[WhiteElo "2253"]
[BlackElo "2437"]
[PlyCount "91"]

1. e4 c5 2. Nf3 e6 3. c3 Nf6 4. e5 Nd5 5. d4 cxd4 6. cxd4 d6
7. Nc3 Nxc3 8. bxc3 Bd7 9. Bd3 Bc6 10. Bf4 dxe5 11. Bxe5 Nd7
12. O-O Rc8 13. Re1 Qa5 14. Re3 Ba4 15. Bc2 Bxc2 16. Qxc2 Nb6
17. Qb3 Qd5 18. Nd2 f6 19. Bg3 Kf7 20. Rae1 Rc6 21. c4 Qxd4
22. c5 Bxc5 23. Rxe6 Qd5 24. Rxc6 bxc6 25. Rc1 Nd7 26. Ne4
Qxb3 27. axb3 Re8 28. Nxc5 Nxc5 29. f3 Nxb3 30. Rxc6 a5
31. Ra6 Re2 32. Ra7 Ke6 33. Rxg7 a4 34. Ra7 Ra2 35. Ra6 Kd5
36. Bd6 Nc1 37. h4 Nd3 38. Bf8 Ne1 39. Rxf6 Nxg2 40. h5 Ne3
41. Rf7 a3 42. Rxh7 Rg2 43. Kh1 a2 44. Ra7 Rf2 45. Bg7 Nf5
46. Kg1 1/2-1/2

[Event "US Women's Chess Championship"]
[Site "St Louis United States"]
[Date "2009.10.11"]
[EventDate "2009.10.04"]
[Round "7"]
[Result "1-0"]
[White "Alisa Melekhina"]
[Black "Yun Fan"]
[WhiteElo "2253"]
[BlackElo "2134"]
[PlyCount "69"]

1. e4 c6 2. d4 d5 3. Nc3 dxe4 4. Nxe4 Bf5 5. Ng3 Bg6 6. Nh3
Nf6 7. Nf4 e6 8. h4 c5 9. h5 Be4 10. Nxe4 Nxe4 11. d5 a6
12. c3 Qd7 13. Be3 e5 14. Nh3 Be7 15. Bd3 Nf6 16. c4 h6
17. Bd2 Qd6 18. Bf5 Nbd7 19. g4 b5 20. b3 Nb6 21. Qc2 Rb8
22. O-O Nbd7 23. Rae1 Rb6 24. f4 e4 25. Nf2 Nf8 26. Nxe4 Nxe4
27. Bxe4 g6 28. hxg6 fxg6 29. Ba5 Rb7 30. Bc3 Rg8 31. Be5 Qd7
32. d6 Bh4 33. Bxb7 Bxe1 34. Rxe1 Qxg4 35. Qg2 1-0

[Event "US Women's Chess Championship"]
[Site "St Louis United States"]
[Date "2009.10.12"]
[EventDate "2009.10.04"]
[Round "8"]
[Result "1-0"]
[White "Iryna Zenyuk"]
[Black "Alisa Melekhina"]
[WhiteElo "2271"]
[BlackElo "2253"]
[PlyCount "85"]

1. d4 Nf6 2. c4 g6 3. Nc3 Bg7 4. e4 d6 5. Bg5 O-O 6. Qd2 Na6
7. f4 c6 8. Bd3 Nc7 9. Nf3 Bg4 10. Bc2 Ne6 11. O-O-O Nd7
12. Qf2 Bxf3 13. gxf3 h6 14. Bh4 Nxf4 15. Qd2 g5 16. Bf2 Nh3
17. Be3 e5 18. Ne2 b5 19. cxb5 cxb5 20. Bb3 Nb6 21. Kb1 Qf6
22. Rhf1 Rfd8 23. Ng3 a5 24. dxe5 dxe5 25. Nh5 Qg6 26. Qxd8
Rxd8 27. Rxd8 Kh7 28. Ng3 a4 29. Bxf7 Qxf7 30. Bxb6 Qf6
31. Ba5 b4 32. Rd7 Qa6 33. Bc7 Qb5 34. Re7 b3 35. Bxe5 bxa2
36. Ka1 Kg8 37. Rxg7 Kf8 38. Bc3 a3 39. Rd1 axb2 40. Bxb2 Qb6
41. Nf5 Nf4 42. Ba3 Ke8 43. Nd6 1-0

[Event "US Women's Chess Championship"]
[Site "St Louis United States"]
[Date "2009.10.13"]
[EventDate "2009.10.04"]
[Round "9"]
[Result "1-0"]
[White "Alisa Melekhina"]
[Black "Tsagaan Battsetseg"]
[WhiteElo "2253"]
[BlackElo "2265"]
[PlyCount "67"]

1. d4 g6 2. Nf3 Bg7 3. c4 Nf6 4. Nc3 O-O 5. e4 d6 6. Be2 Bg4
7. Be3 Nfd7 8. a3 c5 9. d5 Na6 10. h3 Bxf3 11. Bxf3 Nc7
12. Qd2 a6 13. Bh6 b5 14. h4 Bxh6 15. Qxh6 f6 16. Be2 Ne5
17. Qe3 Nxc4 18. Bxc4 bxc4 19. f4 Rb8 20. h5 g5 21. fxg5 fxg5
22. Qxg5 Kh8 23. Qd2 Qd7 24. O-O-O Qg4 25. Rde1 Qf4 26. Re3
Qe5 27. Rf3 Rf6 28. h6 Rbf8 29. Rhf1 Kg8 30. Kc2 Nb5 31. Nxb5
Qxe4 32. Kc1 axb5 33. Re1 Qd4 34. Qg5 1-0

[Event "USA Women Championship"]
[Site "St Louis USA"]
[Date "2010.07.10"]
[EventDate "2010.07.10"]
[Round "1"]
[Result "0-1"]
[White "Abby Marshall"]
[Black "Alisa Melekhina"]
[WhiteElo "2182"]
[BlackElo "2265"]
[PlyCount "54"]

1. e4 e5 2. f4 Nc6 3. Bc4 Nf6 4. Nc3 Nxe4 5. Nf3 Nxc3 6. dxc3
exf4 7. O-O Bc5+ 8. Kh1 O-O 9. Bxf4 Be7 10. Qd5 d6 11. Qh5 Be6
12. Bd3 f5 13. Rae1 Qd7 14. Qh3 Rae8 15. Re2 Bd5 16. Nd4 g6
17. Bh6 Rf7 18. Nxc6 Qxc6 19. Rfe1 Be4 20. Kg1 d5 21. c4 dxc4
22. Bxe4 fxe4 23. Bd2 Bc5+ 24. Kh1 Ref8 25. g3 e3+ 26. Qg2
Rf1+ 27. Rxf1 Rxf1+ 0-1

[Event "USA Women Championship"]
[Site "St Louis USA"]
[Date "2010.07.11"]
[EventDate "2010.07.10"]
[Round "2"]
[Result "1-0"]
[White "Alisa Melekhina"]
[Black "Beatriz M Marinello"]
[WhiteElo "2265"]
[BlackElo "2160"]
[PlyCount "90"]

1. d4 d5 2. Nf3 e6 3. e3 Nf6 4. Bd3 Nbd7 5. O-O Be7 6. Nbd2
O-O 7. b3 b6 8. c4 Bb7 9. Qc2 c5 10. Bb2 Rc8 11. e4 dxc4
12. bxc4 cxd4 13. e5 Ng4 14. Bxh7+ Kh8 15. Be4 Qc7 16. Bxd4
Nc5 17. Bxb7 Qxb7 18. Rfe1 g6 19. Nb3 Kg7 20. Qd2 Nh6 21. Nxc5
Bxc5 22. Bxc5 Rxc5 23. Qf4 Rfc8 24. Rac1 Qe7 25. Nd2 b5
26. Rc3 Nf5 27. Rh3 bxc4 28. Ne4 Rd5 29. g4 Qb4 30. Rf1 Rd3
31. Ng3 Qd2 32. Qxd2 Rxd2 33. Ne4 Re2 34. Nc3 Nd4 35. Rd1 Rd8
36. f4 Rc2 37. Kf1 Rh8 38. Rxh8 Kxh8 39. Ne4 Nf3 40. Rd8+ Kg7
41. Nf6 Nxh2+ 42. Ke1 Nxg4 43. Rg8+ Kh6 44. Nxg4+ Kh5 45. Ne3
Kh4 1-0

[Event "USA Women Championship"]
[Site "St Louis USA"]
[Date "2010.07.12"]
[EventDate "2010.07.10"]
[Round "3"]
[Result "1-0"]
[White "Tatev Abrahamyan"]
[Black "Alisa Melekhina"]
[WhiteElo "2310"]
[BlackElo "2265"]
[PlyCount "109"]

1. e4 e5 2. Nf3 Nc6 3. Bc4 Nf6 4. d3 Be7 5. O-O O-O 6. Re1 d6
7. c3 Kh8 8. Nbd2 Nd7 9. d4 Bf6 10. Nf1 Nb6 11. Bb3 Bg4 12. d5
Ne7 13. h3 Bc8 14. c4 a5 15. Qe2 g6 16. Bc2 Bg7 17. b3 h6
18. a3 f5 19. Bb2 Nd7 20. b4 Nf6 21. N3d2 f4 22. c5 g5 23. Nh2
h5 24. f3 Rf7 25. Nc4 Ng6 26. Qf2 Bf8 27. cxd6 Bxd6 28. Nxa5
Rh7 29. Bd1 Qf8 30. Nc4 Qh6 31. Nxd6 cxd6 32. Qb6 Qf8 33. Rc1
g4 34. fxg4 hxg4 35. Nxg4 Bxg4 36. hxg4 Qh6 37. Qxd6 Qh2+
38. Kf1 Qh1+ 39. Kf2 Qh4+ 40. Ke2 Qxg4+ 41. Kd3 Qg5 42. Bf3
Rd7 43. Rh1+ Kg7 44. Rc7 Rad8 45. Rh5 Nxh5 46. Rxd7+ Rxd7
47. Qxd7+ Kh6 48. Qh3 Nh4 49. Qe6+ Kh7 50. Qxe5 Nxf3 51. gxf3
Qh4 52. Qh8+ Kg6 53. Qg8+ Kh6 54. Bg7+ Nxg7 55. Qh8+ 1-0

[Event "USA Women Championship"]
[Site "St Louis USA"]
[Date "2010.07.14"]
[EventDate "2010.07.10"]
[Round "5"]
[Result "1/2-1/2"]
[White "Katerina Rohonyan"]
[Black "Alisa Melekhina"]
[WhiteElo "2319"]
[BlackElo "2265"]
[PlyCount "76"]

1. e4 e5 2. Nf3 Nc6 3. Bc4 Nf6 4. d4 exd4 5. e5 d5 6. Bb5 Ne4
7. Nxd4 Bd7 8. Bxc6 bxc6 9. O-O Be7 10. f3 Nc5 11. f4 Ne4
12. f5 c5 13. Ne2 Bb5 14. Nbc3 Nxc3 15. bxc3 Bg5 16. Rf2 Bxc1
17. Qxc1 Qe7 18. Qe3 O-O-O 19. Nf4 Rhe8 20. Re1 Bc4 21. h3 c6
22. Nd3 d4 23. Qd2 Rd5 24. Rfe2 Qc7 25. cxd4 cxd4 26. Qb4 Bxd3
27. cxd3 c5 28. Qb5 Rexe5 29. Qa6+ Kd8 30. f6 g6 31. a4 Rxe2
32. Rxe2 Re5 33. Rxe5 Qxe5 34. Qxa7 Qe1+ 35. Kh2 Qe5+ 36. Kg1
Qe1+ 37. Kh2 Qe5+ 38. Kg1 Qe1+ 1/2-1/2

[Event "USA Women Championship"]
[Site "St Louis USA"]
[Date "2010.07.15"]
[EventDate "2010.07.10"]
[Round "6"]
[Result "1-0"]
[White "Alisa Melekhina"]
[Black "Camilla Baginskaite"]
[WhiteElo "2265"]
[BlackElo "2343"]
[PlyCount "67"]

1. e4 e5 2. Nf3 Nc6 3. Nc3 Nf6 4. g3 Bb4 5. Bg2 O-O 6. O-O d6
7. d3 h6 8. h3 Re8 9. Nh2 Bxc3 10. bxc3 d5 11. exd5 Nxd5
12. Bb2 Bf5 13. Re1 Nb6 14. a4 a5 15. Ng4 f6 16. Ne3 Bh7
17. c4 Rb8 18. Bc3 Qd6 19. Qg4 Nd4 20. Bxa5 f5 21. Qd1 f4
22. Nd5 Nxd5 23. Bxd5+ Kh8 24. Bc3 fxg3 25. fxg3 e4 26. Kg2
Nf3 27. Re2 Rbd8 28. dxe4 c6 29. Kxf3 cxd5 30. exd5 Qf8+
31. Kg2 Be4+ 32. Kh2 Qf3 33. Qd2 Bxd5 34. Qxh6+ 1-0